The control and management of asbestos in buildings : a system of local rules. (Record no. 96576)

MARC details
000 -LEADER
fixed length control field 00771cam a2200253 4500
008 - FIXED-LENGTH DATA ELEMENTS--GENERAL INFORMATION
fixed length control field 090401t1997 xxu||||| |||| 00| 0 eng d
020 ## - INTERNATIONAL STANDARD BOOK NUMBER
International Standard Book Number 0948237325
035 ## - SYSTEM CONTROL NUMBER
System control number (Sirsi) u79940
041 ## - LANGUAGE CODE
Language code of text/sound track or separate title eng
050 ## - LIBRARY OF CONGRESS CALL NUMBER
Classification number 549.66
100 ## - MAIN ENTRY--PERSONAL NAME
Personal name Claydon, Janet
245 #4 - TITLE STATEMENT
Title The control and management of asbestos in buildings : a system of local rules.
260 ## - PUBLICATION, DISTRIBUTION, ETC.
Place of publication, distribution, etc. Leeds
Name of publisher, distributor, etc. H&H Scientific Consultants
Date of publication, distribution, etc. 1997
300 ## - PHYSICAL DESCRIPTION
Extent vi,48p. ; 30cm.
350 ## - PRICE (NR) (BK AM CF MU VM SE) [OBSOLETE]
Price 13.8
490 ## - SERIES STATEMENT
Series statement HHSC Handbook
Volume/sequential designation 21
650 ## - SUBJECT ADDED ENTRY--TOPICAL TERM
Topical term or geographic name entry element MANAGEMENT-HEALTH AND SAFETY-HAZARDOUS SUBSTANCES-ASBESTOS
650 ## - SUBJECT ADDED ENTRY--TOPICAL TERM
Topical term or geographic name entry element HEALTH AND SAFETY
9 (RLIN) 6244
690 ## - LOCAL SUBJECT ADDED ENTRY--TOPICAL TERM (OCLC, RLIN)
Topical term or geographic name as entry element BUILT ENVIRONMENT-BUILDING STANDARDS
700 ## - ADDED ENTRY--PERSONAL NAME
Personal name Morgan, Jane
710 ## - ADDED ENTRY--CORPORATE NAME
Corporate name or jurisdiction name as entry element H & H Scientific Consultants
9 (RLIN) 3511
942 ## - ADDED ENTRY ELEMENTS (KOHA)
Suppress in OPAC 0
948 ## - LOCAL PROCESSING INFORMATION (OCLC); SERIES PART DESIGNATOR (RLIN)
c (OCLC) 28/07/1997
Holdings
Withdrawn status Lost status Source of classification or shelving scheme Damaged status Not for loan Home library Current library Shelving location Date acquired Cost, normal purchase price Total Checkouts Full call number Barcode Date last seen Date last checked out Copy number Cost, replacement price Price effective from Koha item type
    Dewey Decimal Classification     London London Basement 15/08/1997 13.80 7 BASEMENT 30053745 06/08/2019 29/05/2001 1 13.80 06/08/2019 Book